Morphology of angiosperms (Record no. 21199)
[ view plain ]
| 000 -LEADER | |
|---|---|
| fixed length control field | 00348nam a2200133Ia 4500 |
| 082 ## - DEWEY DECIMAL CLASSIFICATION NUMBER | |
| Classification number | 582.5/.9 |
| Item number | COU |
| 100 ## - MAIN ENTRY--AUTHOR NAME | |
| Personal name | CHAMBERLAIN, Charles Joseph |
| 245 #0 - TITLE STATEMENT | |
| Title | Morphology of angiosperms |
| 260 ## - PUBLICATION, DISTRIBUTION, ETC. (IMPRINT) | |
| Place of publication | Allahabad |
| Name of publisher | Central |
| Year of publication | 1965 |
| 650 ## - SUBJECT ADDED ENTRY--TOPICAL TERM | |
| Topical Term | Angiosperm |
| 700 ## - ADDED ENTRY--PERSONAL NAME | |
| Personal name | COULTER, John Merle |
| 942 ## - ADDED ENTRY ELEMENTS (KOHA) | |
| Koha item type | Books |
| Withdrawn status | Lost status | Damaged status | Not for loan | Home library | Current library | Date acquired | Full call number | Accession Number | Koha item type |
|---|---|---|---|---|---|---|---|---|---|
| RRII Library | RRII Library | 16/12/2021 | 582.5/.9 COU | 01919 | Books |